Lengua es 1 /
Guardado en:
| Autor Principal: | |
|---|---|
| Otros Autores: | , , , |
| Formato: | Libro |
| Publicado: |
Buenos Aires :
Tinta Fresca,
2007
|
| Series: | Entre palabras
|
| Materias: | |
| Etiquetas: |
Agregar Etiqueta
Sin Etiquetas, Sea el primero en etiquetar este registro!
|
| LEADER | 01080nam a22002775a 4500 | ||
|---|---|---|---|
| 001 | CEM.cems012859 | ||
| 005 | 20080429101647.0 | ||
| 008 | 130507s2007##################000#0#####d | ||
| 003 | CEMS | ||
| 020 | |a 9789875761711 | ||
| 082 | 0 | 4 | |a 468 |
| 100 | 1 | |a Archanco, Pamela | |
| 245 | 1 | 0 | |a Lengua es 1 / |c Coordinado Por Pamela Archanco |
| 260 | |a Buenos Aires : |b Tinta Fresca, |c 2007 | ||
| 300 | |a 192 p. | ||
| 490 | 0 | |a Entre palabras | |
| 500 | |a Acompaña a este libro la antología Lecturas que atrapan 1educación Secundaria Básica 1º año | ||
| 505 | 0 | |a Los relatos de aventuras -- Los textos expositivos -- Los relatos tradicionales -- Los textos teatrales -- Los textos periodísticos -- Los textos poéticos -- Sobre la tarea de escribir -- Sobre las palabras, las oraciones y los textos | |
| 653 | |a Lengua | ||
| 653 | |a Lengua-escuela secundaria básica | ||
| 653 | |a Lengua-egb | ||
| 700 | 1 | |a Aren, Fernanda | |
| 700 | 1 | |a Finocchio, Ana María | |
| 700 | 1 | |a Mazer, Violeta | |
| 700 | 1 | |a Natale, Lucía | |
| 859 | |a CEMS |b BIB. CEMS - 11 de abril |h 468 |i Ar26 |p 25141.08 |t Ej.1 |v 1 |3 1 | ||
